| 000 | 00548nam a22001577a 4500 | ||
|---|---|---|---|
| 999 |
_c534019 _d534019 |
||
| 020 | _qHard Cover. | ||
| 082 | _a660.01 | ||
| 100 | _aTaufiq, Saman | ||
| 245 |
_aUnraveling the Effect of Sugar Treatment on Genes Involved in Flavonoid Biosynthesis Pathway in Arachis Hypogaea / _cSaman Taufiq. |
||
| 260 |
_aIslamabad: _bASAB - NUST, _c2017. |
||
| 300 |
_a44 p. : _bill. ; _c30cm. |
||
| 942 |
_2ddc _cTHE |
||
| 650 |
_aPlant Biotechnology MS-Thesis. _928032 |
||
| 700 |
_aDr. Rabia Amir _927764 |
||